UBT Library

WORLD REGIONAL GEOGRAPHY (Record no. 59343)

000 -LEADER
fixed length control field 00336nam a22001457a 4500
008 - FIXED-LENGTH DATA ELEMENTS--GENERAL INFORMATION
fixed length control field 230208b ||||| |||| 00| 0 eng d
020 ## - INTERNATIONAL STANDARD BOOK NUMBER
International Standard Book Number 978146410696
041 ## - LANGUAGE CODE
Language code of text/sound track or separate title eng
080 ## - UNIVERSAL DECIMAL CLASSIFICATION NUMBER
Edition identifier SIXTH EDITION
Universal Decimal Classification number 91
082 ## - DEWEY DECIMAL CLASSIFICATION NUMBER
Classification number 91PUL
100 ## - Rafti
Rafti 19.2
101 ## - Shkurtesa
Shkurtesa GJEOG
245 ## - TITLE STATEMENT
Title WORLD REGIONAL GEOGRAPHY
Statement of responsibility, etc PULSPIHER M.L
942 ## - ADDED ENTRY ELEMENTS (KOHA)
Source of classification or shelving scheme
Item type Books
Holdings
Withdrawn status Lost status Source of classification or shelving scheme Damaged status Not for loan Collection code Permanent location Current location Date acquired Total Checkouts Full call number Barcode Date last seen Price effective from Koha item type
          Koleksioni i përgjithshem UBT - Lipjan UBT - Lipjan 02/08/2023   91PUL 003-284 02/08/2023 02/08/2023 Books
          Koleksioni i përgjithshem UBT - Lipjan UBT - Lipjan 02/08/2023   91PUL 003-286 02/08/2023 02/08/2023 Books
            UBT - Prishtine UBT - Prishtine 02/08/2023   91PUL 003-285 02/08/2023 02/08/2023 Books
UBT Library © 2015-2024. All rights reserved University Education for Business and Technology